Parlez-vous vietnamien sans le savoir ? - Statistiques

Statistiques générales
  • Ce quiz a été pris 116 fois
  • Le résultat moyen est 15 sur 27
Statistiques - réponses
Hint Réponse % Correct
Cà rốt Carotte
92%
Sô-cô-la Chocolat
90%
Pa tê Pâté
88%
Súp Soupe
86%
Ca ra men Caramel
85%
Cà phê Café
84%
Ga tô Gâteau
83%
Vắc-xin Vaccin
82%
Va li Valise
75%
Bánh mì Pain
74%
Ô tô Voiture
67%
Ti vi Télévision
58%
Cà vạt Cravate
57%
Phô mai Fromage
53%
Ga ra Garage
53%
Giăm bông Jambon
52%
Bia Bière
46%
A ti sô Artichaut
36%
Xúc xích Saucisse
35%
Ban công Balcon
34%
Xà phòng Savon
34%
Ga Gare
30%
La gu Ragoût
27%
Lít Litre
26%
Ốp la Oeuf au plat
26%
Sâm panh Champagne
25%
Beurre
19%
Aucun quiz correspondant
Distribution des résultats
% des personnes avec chaque résultat
Percentile par nombre de réponses
Votre historique - résultats
Vous n’avez pas pris ce quiz